| 000 | 00825cam a2200277 i 4500 | ||
|---|---|---|---|
| 001 | 000008867 | ||
| 003 | DO-SdBNP | ||
| 005 | 20250428140753.0 | ||
| 007 | ta | ||
| 008 | 250428s2004 cu 000 f spa d | ||
| 040 |
_aDO-SdBNP _bspa _cBNPHU _erda |
||
| 041 | _hspa | ||
| 082 |
_axxx _bP376t _222 |
||
| 100 | 1 |
_aPeguero, Valentina _eautor _923419 |
|
| 245 | 1 | 0 |
_aThe militarization of culture in the Dominican Republic, from the captain general to general Trujillo / _cValentina Peguero |
| 264 |
_aLondon : _bUniversity Of Nebraska Press, _c2004 |
||
| 300 |
_a263 páginas. ; _c24 cm. |
||
| 336 |
_ardacontent _btexto _2txt |
||
| 337 |
_ardamedia _bsin mediación _2n |
||
| 338 |
_ardacarrier _bvolumen _2nc |
||
| 590 | _aInventariado,2025/DG | ||
| 650 | 4 | _92316 | |
| 650 | _91483 | ||
| 910 | _aDG | ||
| 942 |
_2ddc _cLBS1 |
||
| 999 |
_c58832 _d58832 |
||